00558nam a2200181 a 4500001000800000005001700008008004100025020001500066040001300081082002000094100002200114245007900136260009100215300001300306650001000319650002000329700002700349297508520231124041638.0920901s1991 ph b 000 0 eng  a9718605053 aDLCcDLC 222a305,4bDEL.1 aAguilar, Delia D.10aFilipino housewives speak /cDelia D. Aguilar ; edited by Marjorie Evasco. aManila, Philippines :bInstitute of Women's Studies, St. Scholastica's College,c1991. a196 p. ; 0aWomen 0aWork and family1 aEvasco, Marjorie.eedt